Forests and people (A report of the Himalaya) (Record no. 1454144)

MARC details
000 -LEADER
fixed length control field 00614nam a2200217Ia 4500
005 - DATE AND TIME OF LATEST TRANSACTION
control field 20250923145652.0
008 - FIXED-LENGTH DATA ELEMENTS--GENERAL INFORMATION
fixed length control field 008 250917s9999 xx 000 0 eng d
037 ## - SOURCE OF ACQUISITION
Stock number Textual
040 ## - CATALOGING SOURCE
Original cataloging agency DSWL
Language of cataloging eng
Transcribing agency DSWL
041 ## - LANGUAGE CODE
Language code of text/sound track or separate title eng
Source of code eng
084 ## - COLON CLASSIFICATION NUMBER
Classification number G:55:(JB).2, N83
Assigning agency DSWL
100 ## - MAIN ENTRY--PERSONAL NAME
Personal name Dogra, B.
9 (RLIN) 837745
245 #0 - TITLE STATEMENT
Title Forests and people (A report of the Himalaya)
Statement of responsibility, etc. by B. Dogra
250 ## - EDITION STATEMENT
Edition statement 2nd
260 ## - PUBLICATION, DISTRIBUTION, ETC.
Place of publication, distribution, etc. New Delhi
Name of publisher, distributor, etc. Delhi A-2/184 Janak Puri
Date of publication, distribution, etc. 1983
300 ## - PHYSICAL DESCRIPTION
Extent 88 p.
365 ## - TRADE PRICE
Price type code INR
Price amount 13.50
925 ## -
-- 13.50
942 ## - ADDED ENTRY ELEMENTS (KOHA)
Koha item type Textual
Classification part G:55:(JB).2, N83
Holdings
Withdrawn status Lost status Damaged status Not for loan Home library Current library Date acquired Source of acquisition Inventory number Total Checkouts Full call number Barcode Date last seen Price effective from Koha item type
        Department of Social Work Library Department of Social Work Library 2025-09-23 The Author Dr. K.D.Chopra C-140 Moti Ngr New Delhi -15 173 11/01/1985   G:55:(JB).2, N83 SW0021814 2025-09-23 2025-09-23 Textual
Copyright @ Delhi University Library System